| 000 | 00870cam a22002651u 4500 | ||
|---|---|---|---|
| 001 | 3011 | ||
| 005 | 20251028093012.0 | ||
| 020 | _a9780590339490 | ||
| 040 |
_aDLC _beng _cDLC _dDLC |
||
| 050 | 0 | 0 | _aPZ7.M1336 |
| 082 | 0 | 0 | _a823 |
| 100 | 1 |
_aMcCloskey, Robert _d1914-2003. |
|
| 245 | 1 | 0 |
_aMake way for ducklings, _cby Robert McCloskey. |
| 260 |
_aNew York : _bScholastic , _c1941 |
||
| 300 |
_a62 unnumbered pages : _bcolor illustrations ; _c24 cm . |
||
| 500 | _aIllustrated lining-papers. | ||
| 500 | _a"First published August 1941." | ||
| 505 | _aR | ||
| 520 | _aMr. and Mrs. Mallard proudly return to their home in the Boston Public Garden with their eight offspring. | ||
| 521 |
_a710
_bLexile |
||
| 521 |
_aR
_bRaz-Plus |
||
| 650 | 0 |
_aducklings _vchildren literature |
|
| 906 |
_a7 _bcbc _corignew _du _eocip _f19 _gy-gencatlg |
||
| 942 |
_2ddc _cBK _n0 |
||
| 999 |
_c3011 _d3011 |
||